|
|
|
|
| LEADER |
02290nam a2200433 a 4500 |
| 001 |
EBC331619 |
| 003 |
MiAaPQ |
| 005 |
20200520144314.0 |
| 006 |
m o d | |
| 007 |
cr cn||||||||| |
| 008 |
071212s2008 njua sb 001 0 eng |
| 010 |
|
|
|z 2007050862
|
| 020 |
|
|
|z 9780470120552 (cloth)
|
| 020 |
|
|
|z 047012055X (cloth)
|
| 035 |
|
|
|a (MiAaPQ)EBC331619
|
| 035 |
|
|
|a (Au-PeEL)EBL331619
|
| 035 |
|
|
|a (CaPaEBR)ebr10225452
|
| 035 |
|
|
|a (CaONFJC)MIL121738
|
| 035 |
|
|
|a (OCoLC)608622384
|
| 040 |
|
|
|a MiAaPQ
|c MiAaPQ
|d MiAaPQ
|
| 043 |
|
|
|a n-us---
|
| 050 |
|
4 |
|a HG4930
|b .G465 2008
|
| 082 |
0 |
4 |
|a 332.63/27068
|2 22
|
| 100 |
1 |
|
|a Gerber, Melinda.
|
| 245 |
1 |
0 |
|a How to create and manage a mutual fund or exchange-traded fund
|h [electronic resource] :
|b a professional's guide /
|c Melinda Gerber.
|
| 260 |
|
|
|a Hoboken, N.J. :
|b John Wiley & Sons,
|c c2008.
|
| 300 |
|
|
|a xv, 351 p. :
|b ill.
|
| 490 |
1 |
|
|a [Wiley finance]
|
| 500 |
|
|
|a Series from jacket.
|
| 504 |
|
|
|a Includes bibliographical references (p. 341-342) and index.
|
| 505 |
0 |
|
|a Create and manage a mutual fund -- Why the world needs another mutual fund -- Money, product differentiation, and distribution -- Price and customer service -- Spreading the word with promotion and publicity -- Building your mutual fund team -- The steps to start a mutual fund -- Create and manage an exchange-traded fund -- ETFs : the mutual fund's next evolution -- Building your exchange-traded fund team -- The steps to start an exchange-traded fund --- Appendix A: what to expect in your first year -- Appendix B: selling your business -- Appendix C: useful web sites, phone numbers, and additional readings -- Appendix D: list of service provider questions -- Afterword -- Notes -- Index.
|
| 533 |
|
|
|a Electronic reproduction. Ann Arbor, MI : ProQuest, 2015. Available via World Wide Web. Access may be limited to ProQuest affiliated libraries.
|
| 650 |
|
0 |
|a Mutual funds
|z United States
|x Management.
|
| 650 |
|
0 |
|a Exchange traded funds
|z United States
|x Management.
|
| 650 |
|
0 |
|a Portfolio management
|z United States.
|
| 655 |
|
4 |
|a Electronic books.
|
| 710 |
2 |
|
|a ProQuest (Firm)
|
| 830 |
|
0 |
|a Wiley finance series.
|
| 856 |
4 |
0 |
|u https://ebookcentral.proquest.com/lib/matrademy/detail.action?docID=331619
|z Click to View
|